000 00816nam a2200277Ia 4500
001 2783
003 BD-DhEWU
005 20140327165043.0
008 970517s9999 us g 000 0 eng d
020 _a0832502774
035 _a(OCoLC)25473464
040 _aBD-DhEWU
_dBD-DhEWU
_beng
_cBD-DhEWU
041 _aENG
082 0 4 _a421.54
_bKRE 1987
100 1 _aKRULIK, David
_96570
245 1 0 _aEveryday English Book 3
260 _aIllinois :
_bNational textbook Company,
_c1987
300 _aiv,107 p. :
_bill ;
526 _aEnglish
590 _aTahur Ahmed
653 1 _aEveryday english Spoken Written
700 _aZaffan, Barbara
_96571
856 _3WorldCat details
_uhttp://www.worldcat.org/title/everyday-english-book-3/oclc/25473464&referer=brief_results
942 _cTEXT
_2ddc
953 _a0
999 _c2783
_d2783